People on Money - Canada - Statistics

General Stats
  • This quiz has been taken 74 times
  • The average score is 9 of 11
Answer Stats
Coin/Bill Person % Correct
Nickel Queen Elizabeth II
94%
Dime Queen Elizabeth II
94%
Quarter Queen Elizabeth II
94%
Half-Dollar Queen Elizabeth II
94%
Loonie Queen Elizabeth II
94%
Toonie Queen Elizabeth II
94%
$20 Queen Elizabeth II
94%
$10 Sir John A. Macdonald
88%
$5 Sir Wilfrid Laurier
73%
$50 William Lyon Mackenzie King
72%
$100 Sir Robert Borden
58%
No matching quizzes found
Score Distribution
Percent of People with Each Score
Percentile by Number Answered
Your Score History
You have not taken this quiz